Propuesta para la automatización del nuevo sistema de cargaderos de combustible en el plantel de ventas La Garita, Refinadora Costarricense de Petróleo S.A. (RECOPE)

Guardat en:
Dades bibliogràfiques
Autor principal: Méndez Parrales, Tony Alonso, 1986-
Altres autors: Uribe Olivas, Mariela , 1984-, Acosta Guevara, Jahaziel, 1971- Director de Proyecto Eléctrico
Format: Llibre
Publicat: [San José, Costa Rica] 2008
Matèries:
Etiquetes: Afegir etiqueta
Sense etiquetes, Sigues el primer a etiquetar aquest registre!

MARC

LEADER 00000nam a2200000Ia 4500
003 001346
005 20240308152653.0
008 140114s2008 cr a 000 ||s d
040 |c cru CEDI  
090 |a TFG 5869 
100 |a Méndez Parrales, Tony Alonso, 1986-  |9 1280 
245 |a Propuesta para la automatización del nuevo sistema de cargaderos de combustible en el plantel de ventas La Garita, Refinadora Costarricense de Petróleo S.A. (RECOPE) 
260 |b [San José, Costa Rica]  |c 2008 
300 |a xiii, 112 hojas; ilustraciones (algunas a color) 
500 |a Proyecto de graduación (bachillerato en ingeniería eléctrica)--Universidad de Costa Rica. Facultad de Ingeniería. Escuela de Ingeniería Eléctrica 
501 |a Profesor Guía de IE-0502 Proyecto Eléctrico: Ing. Jahaziel Acosta Guevara  
650 |x AUTOMATIZACION EN LA INDUSTRIA   |x  ADMINISTRACION  |x CONTROL AUTOMATICO  |x  REFINADORA COSTARRICENSE DE PETROLEO   |x PETROLEO  |x LA GARITA (ALAJUELA, COSTA RICA)   |9 3831 
700 |a Uribe Olivas, Mariela , 1984-  |9 1673 
700 |a Acosta Guevara, Jahaziel, 1971-  |d Director de Proyecto Eléctrico   |9 2547 
942 |c TFG  |h TFG 5869  |i 001346  |6 TFG_5869_001346000000000 
999 |c 16367  |d 16367